[Event "Pfalz-ch HT3 87th"]
[Site "Landau"]
[Date "2018.03.30"]
[Round "5"]
[White "Mohammed, Amin"]
[Black "Rein, Daniel"]
[Result "1/2-1/2"]
[WhiteElo "1857"]
[BlackElo "1925"]
[PlyCount "25"]
[EventDate "2018.03.23"]
[EventType "swiss"]
[EventRounds "7"]
[EventCountry "GER"]
[SourceTitle "EXT 2019"]
[Source "ChessBase"]
[SourceDate "2018.10.10"]
[SourceVersion "1"]
[SourceVersionDate "2018.10.10"]
[SourceQuality "1"]

1. e4 c6 2. d4 d5 3. exd5 cxd5 4. Bd3 Nc6 5. Nf3 Qc7 6. 0-0 Bg4 7. c3 e6 8. Be3 Bd6 9. h3 Bh5 10. Re1 Nge7 11. Nbd2 Bg6 12. Qe2 0-0 13. Bxg6 1/2-1/2

[Event "Pfalz-ch HT3 87th"]
[Site "Landau"]
[Date "2018.03.23"]
[Round "1"]
[White "Mohammed, Amin"]
[Black "Schneble, Ruediger"]
[Result "1-0"]
[WhiteElo "1857"]
[BlackElo "1447"]
[PlyCount "27"]
[EventDate "2018.03.23"]
[EventType "swiss"]
[EventRounds "7"]
[EventCountry "GER"]
[SourceTitle "EXT 2019"]
[Source "ChessBase"]
[SourceDate "2018.10.10"]
[SourceVersion "1"]
[SourceVersionDate "2018.10.10"]
[SourceQuality "1"]

1. e4 e5 2. Nf3 Nc6 3. Bc4 Bc5 4. c3 Nf6 5. d4 exd4 6. cxd4 Bb4+ 7. Nc3 Nxe4 8. 0-0 Nxc3 9. bxc3 d5 10. cxb4 dxc4 11. Re1+ Ne7 12. Qc2 0-0 13. Bg5 Qd6 14. Bxe7 1-0

[Event "Zweibruecken PSB-ch HT4 82nd"]
[Site "Zweibruecken"]
[Date "2013.03.30"]
[Round "7"]
[White "Porcher, Ernst Michael"]
[Black "Mohammed, Amin"]
[Result "0-1"]
[WhiteElo "1564"]
[BlackElo "1649"]
[PlyCount "60"]
[EventDate "2013.??.??"]
[EventType "swiss"]
[EventRounds "7"]
[EventCountry "GER"]
[SourceTitle "EXT 2014"]
[Source "ChessBase"]
[SourceDate "2013.11.20"]
[SourceVersion "1"]
[SourceVersionDate "2013.11.20"]
[SourceQuality "1"]

1. d4 Nf6 2. Nc3 g6 3. e4 d6 4. Bc4 Bg7 5. f4 e6 6. Qf3 0-0 7. Nge2 Nbd7 8. e5 dxe5 9. fxe5 Ne8 10. h4 c5 11. Bg5 Qc7 12. Nb5 Qa5+ 13. Bd2 Qb6 14. 0-0-0 cxd4 15. Bb4 Nc5 16. h5 a6 17. hxg6 axb5 18. gxh7+ Kh8 19. Qh5 bxc4 20. Nf4 Rxa2 21. Qxf7 Ra1+ 22. Kd2 Ne4+ 23. Ke1 Qxb4+ 24. c3 Rxd1+ 25. Kxd1 Qa4+ 26. Ke1 Qa1+ 27. Ke2 Qxb2+ 28. Kf3 Qf2+ 29. Kg4 Qg3+ 30. Kh5 Qg5# 0-1

[Event "Zweibruecken PSB-ch HT4 82nd"]
[Site "Zweibruecken"]
[Date "2013.03.29"]
[Round "5"]
[White "Mohammed, Amin"]
[Black "Zuniga Hinderberger, Andreas"]
[Result "1/2-1/2"]
[WhiteElo "1649"]
[BlackElo "1421"]
[PlyCount "86"]
[EventDate "2013.??.??"]
[EventType "swiss"]
[EventRounds "7"]
[EventCountry "GER"]
[SourceTitle "EXT 2014"]
[Source "ChessBase"]
[SourceDate "2013.11.20"]
[SourceVersion "1"]
[SourceVersionDate "2013.11.20"]
[SourceQuality "1"]

1. e4 Nf6 2. Nc3 d6 3. d4 g6 4. Nf3 Bg7 5. Bc4 0-0 6. Qe2 Bg4 7. e5 dxe5 8. dxe5 Ne8 9. e6 f6 10. Qe4 Bxf3 11. Qxf3 Nd6 12. Bb3 Nc6 13. Be3 Ne5 14. Qe2 Kh8 15. 0-0-0 a6 16. f4 Nc6 17. h4 Bh6 18. g4 Qe8 19. g5 Bg7 20. h5 fxg5 21. fxg5 Nf5 22. Nd5 Ng3 23. Qg4 Be5 24. Bf4 Nxh1 25. Bxe5+ Nxe5 26. Qd4 Rf5 27. Rxh1 c6 28. Re1 cxd5 29. Rxe5 Rxe5 30. Qxe5+ Kg8 31. h6 Qf8 32. Bxd5 Rd8 33. c4 Rb8 34. b4 Qf1+ 35. Kd2 Qf2+ 36. Kc3 Qf8 37. b5 axb5 38. cxb5 b6 39. a4 Rc8+ 40. Kb4 Rb8 41. a5 bxa5+ 42. Kxa5 Qd8+ 43. Kb4 Qf8 1/2-1/2

[Event "Zweibruecken PSB-ch HT4 82nd"]
[Site "Zweibruecken"]
[Date "2013.03.24"]
[Round "3"]
[White "Reimer, Karl"]
[Black "Mohammed, Amin"]
[Result "0-1"]
[WhiteElo "1583"]
[BlackElo "1649"]
[PlyCount "76"]
[EventDate "2013.??.??"]
[EventType "swiss"]
[EventRounds "7"]
[EventCountry "GER"]
[SourceTitle "EXT 2014"]
[Source "ChessBase"]
[SourceDate "2013.11.20"]
[SourceVersion "1"]
[SourceVersionDate "2013.11.20"]
[SourceQuality "1"]

1. b4 e5 2. Bb2 Bxb4 3. Bxe5 Nf6 4. c4 d6 5. Bb2 Nc6 6. e3 Ba5 7. Nf3 Bf5 8. a3 Qe7 9. Be2 0-0-0 10. 0-0 h5 11. Nc3 h4 12. d4 Bxc3 13. Bxc3 h3 14. g3 Ne4 15. Bb2 g5 16. Qa4 g4 17. d5 gxf3 18. Bd3 Ne5 19. Bc2 a6 20. Qb4 Rhg8 21. Rab1 b6 22. Bd4 Nd7 23. a4 a5 24. Qb5 Nb8 25. Kh1 Bd7 26. Qb2 Nd2 27. Bf6 Qf8 28. Bh7 Nxf1 29. Bxg8 Nxg3+ 30. fxg3 Qxg8 31. Bxd8 Qxd8 32. Qd4 Qg5 33. e4 Qg4 34. Kg1 f5 35. Qh8+ Kb7 36. Qc3 Qxe4 37. Rb2 Qe5 38. Qc2 Qe1# 0-1